00295nam a2200121Ia 4500008004100000082001400041100001800055245003700073250000800110260002400118300001000142650002100152150201s2011 xx 000 0 und d a612bU11B aBIJLANI, R.L. aUNDERSTANDING MEDICAL PHYSIOLOGY a4TH bJAYPEEaDELHIc2011 a1-810 aHUMAN PHYSIOLOGY